|
|
|
|
| LEADER |
00000nam0a2200000 4500 |
| 001 |
213218 |
| 005 |
20240304153832.0 |
| 035 |
|
|
|a (RuTPU)RU\TPU\book\232984
|
| 035 |
|
|
|a RU\TPU\book\232976
|
| 090 |
|
|
|a 213218
|
| 100 |
|
|
|a 20120406d1890 m y0rusy50 ca
|
| 101 |
0 |
|
|a rus
|
| 102 |
|
|
|a RU
|
| 105 |
|
|
|a y z 001zd
|
| 181 |
|
0 |
|b e
|
| 182 |
|
0 |
|a n
|
| 183 |
|
0 |
|a nc
|2 RDAcarrier
|
| 200 |
1 |
|
|a Памятная книжка Западно-Сибирского учебного округа на 1890 год.
|
| 205 |
|
|
|a Изд. 2-е Канцелярии Попечителя
|
| 210 |
|
|
|a Томск
|c Типо-Литография В. В. Михайлова и П. И. Макушина
|d 1890
|
| 215 |
|
|
|a VII, 201 с.
|c карта
|
| 283 |
|
|
|a volume
|
| 300 |
|
|
|a Раздельная пагинация страниц
|
| 300 |
|
|
|a Текст в русской дореформенной орфографии
|
| 320 |
|
|
|a Алфавитный указатель: с. I-VII.
|
| 606 |
1 |
|
|a Образование
|x История
|y СССР
|y Россия
|2 stltpush
|3 (RuTPU)RU\TPU\subj\80662
|9 88272
|
| 610 |
1 |
|
|a учебные заведения
|
| 610 |
1 |
|
|a Западно-Сибирский учебный округ
|
| 686 |
|
|
|a Ч33(2)
|2 rubbk
|
| 801 |
|
1 |
|a RU
|b 63413507
|c 20120406
|
| 801 |
|
2 |
|a RU
|b 63413507
|c 20221115
|g RCR
|
| 942 |
|
|
|c BK
|